| 000 | 00668cab a2200241 4500 | ||
|---|---|---|---|
| 001 | WB3019-49 | ||
| 008 | 090401t1994 xxu||||| |||| 00| 0 eng d | ||
| 035 | _a(Sirsi) u53293 | ||
| 041 | _aeng | ||
| 245 | _aLondon docklands | ||
| 260 | _c1994 | ||
| 300 | _aLOAN | ||
| 350 | _a0 | ||
| 490 |
_aTimes _v17 May 1994, 20-21(2) |
||
| 520 | _aReports on developments involving the London Docklands Development Corporation, in connection with regeneration; highlights future plans. | ||
| 650 | _aCANARY WHARF | ||
| 650 | _aISLE OF DOGS | ||
| 650 | _aJUBILEE LINE | ||
| 650 | _aLONDON DOCKLANDS | ||
| 690 | _aURBAN RENEWAL | ||
| 942 | _n0 | ||
| 948 | _c04/03/1997 | ||
| 999 |
_c32867 _d32867 |
||